Financial Accounting for Management (Record no. 86248)

MARC details
000 -LEADER
fixed length control field 00520nam a2200205Ia 4500
008 - FIXED-LENGTH DATA ELEMENTS--GENERAL INFORMATION
fixed length control field 230125s9999 xx 000 0 und d
020 ## - INTERNATIONAL STANDARD BOOK NUMBER
International Standard Book Number 0-19-807703-3
041 ## - LANGUAGE CODE
Language code of text/sound track or separate title eng
082 ## - DEWEY DECIMAL CLASSIFICATION NUMBER
Classification number 657.8333
Item number SHA
100 ## - MAIN ENTRY--PERSONAL NAME
Personal name Shah P
9 (RLIN) 109558
245 ## - TITLE STATEMENT
Title Financial Accounting for Management
250 ## - EDITION STATEMENT
Edition statement 2nd ed
260 ## - PUBLICATION, DISTRIBUTION, ETC. (IMPRINT)
Date of publication, distribution, etc. 2013
Name of publisher, distributor, etc. Oxford university press
Place of publication, distribution, etc. New Delhi
300 ## - PHYSICAL DESCRIPTION
Extent 561p
500 ## - GENERAL NOTE
Keywords Financial accounting
650 ## - SUBJECT ADDED ENTRY--TOPICAL TERM
Topical term or geographic name as entry element Accounting
700 ## - ADDED ENTRY--PERSONAL NAME
Personal name Shah P
9 (RLIN) 109558
906 ## - LOCAL DATA ELEMENT F, LDF (RLIN)
b 131
Holdings
Withdrawn status Lost status Damaged status Not for loan Home library Current library Date acquired Vendor Cost, normal purchase price Bill number Total Checkouts Full call number Barcode Date last seen Cost, replacement price Bill Date Koha item type Original Barcode
        Smt. Hiraben Nanavati Institute of Management & Research for Women Smt. Hiraben Nanavati Institute of Management & Research for Women 29/10/2013 Pritam Book Centre 525.00 8688   657.8333 SHA B12220 HIMR-BK-12220 25/01/2023 394.00 24/10/2013 Books B12220